The Specific relief act, 1877 (1 of 1877) (Record no. 540942)
[ view plain ]
| 000 -LEADER | |
|---|---|
| fixed length control field | 00373nam a22001217a 4500 |
| 082 ## - DEWEY DECIMAL CLASSIFICATION NUMBER | |
| Classification number | 347.549077 BHA |
| 100 ## - MAIN ENTRY--PERSONAL NAME | |
| Personal name | Bhatti, Rai Muhammad Zafar |
| 245 ## - TITLE STATEMENT | |
| Title | The Specific relief act, 1877 (1 of 1877) |
| Statement of responsibility, etc. | Rai Muhammad Zafar Bhatti |
| 260 ## - PUBLICATION, DISTRIBUTION, ETC. | |
| Place of publication, distribution, etc. | Lahore |
| Name of publisher, distributor, etc. | Irfan Law Book House |
| Date of publication, distribution, etc. | 2020 |
| 300 ## - PHYSICAL DESCRIPTION | |
| Extent | 224p |
| 942 ## - ADDED ENTRY ELEMENTS (KOHA) | |
| Source of classification or shelving scheme | |
| Koha item type | Book |
| Withdrawn status | Lost status | Source of classification or shelving scheme | Damaged status | Not for loan | Permanent Location | Current Location | Date acquired | Total Renewals | Full call number | Barcode | Date last seen | Price effective from | Koha item type |
|---|---|---|---|---|---|---|---|---|---|---|---|---|---|
| NUST Law School (NLS) | NUST Law School (NLS) | 11/13/2020 | 2 | 347.549077 BHA | CL-416 | 05/31/2023 | 11/13/2020 | Book |
